000 02131nam a2200433 i 4500
001 195664
003 SpMaBN
005 20260216183922.0
008 241001s2022 sp a | |||| 000 0bspa
017 _aCC 282-2022
_bOficina Depósito Legal Cáceres
020 _a9788412609936
035 _aa7227088
040 _aSpMaBN
_bspa
_cSpMaBN
_erda
_dES-MaACL
080 _a32 Gómez Becerra, Álvaro
080 _a342.56(460)
100 1 _aPérez Mena, José Luis,
_d1962-
_9234891
_eaut
245 1 0 _aÁlvaro Gómez Becerra :
_bpolítico liberal y constitucionalista /
_cJosé Luis Pérez Mena, José Antonio Ramos Rubio.
264 1 _aCáceres :
_bTau Editores,
_c[2022]
264 4 _c©2022
300 _a291 páginas :
_bilustraciones (blanco y negro) ;
_c23 cm
336 _aTexto
_2rdacontent
337 _asin mediación
_2rdamedia
338 _avolumen
_2rdacarrier
500 _a"Reflexiones liberales IV"--Cubierta
500 _aIncluye apéndice documental
504 _aBibliografía: páginas 285-290
520 _aÁlvaro Gómez Becerra (Cáceres, 1771) Político español. En 1813 es nombrado Jefe Político de Extremadura, trasladándose a Badajoz, ciudad de la que tendrá que huir poco después con la llegada a España de Fernando VII y la vuelta del absolutismo. En 1820, en el Trienio Liberal, regresa a Badajoz donde ocupa de nuevo la jefatura política de Extremadura y es presidente de la Diputación de la provincia.
600 1 7 _aGómez Becerra, Álvaro,
_d1771-1855
_9149847
650 4 _aPoder judicial-
_zEspaña
_916148
655 0 _aBiografías
_9176647
700 1 _aRamos Rubio, José Antonio,
_d1963-
_eaut
_9174430
852 _aES-MaACL
_bR 153627
_cDEPOJ
_jN-8676
_hDonación: José Luis Pérez Mena y José Antonio Ramos Rubio
_xEncuadernación rústica con solapas
_9204192
903 _9234891
_aPérez Mena, José Luis,
_d1962-
_ednr
903 _aRamos Rubio, José Antonio,
_d1963-
_ednr
_9174430
942 _cMONOGRAFIA
_n0
999 _c195664
_d195664